Inflación, variación de precios relativos e inflexibilidad de precios (Registro nro. 16420)

Detalles MARC
000 -LEADER
fixed length control field 00424 a2200133 4500
001 - CONTROL NUMBER
control field ART_3472
005 - DATE AND TIME OF LATEST TRANSACTION
control field 20260410161715.0
008 - FIXED-LENGTH DATA ELEMENTS--GENERAL INFORMATION
fixed length control field 260409a
100 1# - MAIN ENTRY--PERSONAL NAME
Personal name Helman, Héctor
245 10 - TITLE STATEMENT
Title Inflación, variación de precios relativos e inflexibilidad de precios
700 1# - ADDED ENTRY--PERSONAL NAME
Personal name Roiter, Daniel
700 1# - ADDED ENTRY--PERSONAL NAME
Personal name Yoguel, Gabriel
773 0# - HOST ITEM ENTRY
Title Desarrollo económico
Related parts - Vol. 24, Nº 95 (oct./dic. 1984)
Record control number REV1174

No hay ítems disponibles.